Central Library OPAC University of Rajshahi

Central Asia : (Record no. 27239)

MARC details
000 -LEADER
fixed length control field 00679nam a2200241 4500
001 - CONTROL NUMBER
control field 27239
003 - CONTROL NUMBER IDENTIFIER
rucl marc code BD-RjUL
005 - DATE AND TIME OF LATEST TRANSACTION
control field 20211209051130.0
008 - FIXED-LENGTH DATA ELEMENTS--GENERAL INFORMATION
fixed length control field 140324s1939 enkabc 00110deng d
035 ## - SYSTEM CONTROL NUMBER
System control number (BD-RjUL)27311
040 ## - CATALOGING SOURCE
Original cataloging agency BD-RjUL
Language of cataloging eng
Transcribing agency BD-RjUL
041 ## - LANGUAGE CODE
Language code of text/sound track or separate title eng
082 00 - DEWEY DECIMAL CLASSIFICATION NUMBER
Classification number 915.8
Author mark and year CEN 1939
245 10 - TITLE STATEMENT
Title Central Asia :
Remainder of title personal narrative of General Josiah Harlan, 1823-1841 /
Statement of responsibility, etc. edited by Frank E. Ross.
260 0# - PUBLICATION, DISTRIBUTION, ETC. (IMPRINT)
Place of publication, distribution, etc. London :
Name of publisher, distributor, etc. Luzac,
Date of publication, distribution, etc. 1939.
300 ## - PHYSICAL DESCRIPTION
Pagination 163 p. :
Illustrations ill. ;
Size 22 cm.
504 ## - BIBLIOGRAPHY, ETC. NOTE
Bibliography, etc Includes Index
651 #0 - SUBJECT ADDED ENTRY--GEOGRAPHIC NAME
Geographic name Afghanistan.
9 (RLIN) 83580
700 10 - ADDED ENTRY--PERSONAL NAME
Personal name Ross, Frank E.
942 ## - ADDED ENTRY ELEMENTS (KOHA)
Source of classification or shelving scheme Dewey Decimal Classification
Koha item type Books
Holdings
Lost status Source of classification or shelving scheme Damaged status Not for loan Collection code Permanent Location Current Location Shelving location Date acquired Source of acquisition Cost, normal purchase price Total Checkouts Full call number Date last seen Copy number Koha item type
  Dewey Decimal Classification   Added to bundle Non-fiction Central Library, University of Rajshahi Central Library, University of Rajshahi Reading Room 26/02/1955 Warsi book corporation, Dhaka 5.50   915.8 CEN 1939 24/03/2014 C-1 Books